KOHA-Header-6

Computer Graphics (Record no. 6962)

000 -LEADER
fixed length control field 00244nam a2200109Ia 4500
100 ## - MAIN ENTRY--AUTHOR NAME
Personal name Edward Angel
245 #0 - TITLE STATEMENT
Title Computer Graphics
260 ## - PUBLICATION, DISTRIBUTION, ETC. (IMPRINT)
Place of publication USA
Name of publisher Pearson
Year of publication 1990
300 ## - PHYSICAL DESCRIPTION
Number of Pages 477
942 ## - ADDED ENTRY ELEMENTS (KOHA)
Koha item type Books
Holdings
Withdrawn status Lost status Collection code Permanent Location Current Location Shelving location Date acquired Full call number Accession Number Koha item type
    Computer Science MAJU MAJU   2019-09-11 5.445 503 Computer Science

Powered by Koha